MARC

Tag First Indicator Second Indicator Subfields
LEADER 00000cam a2200000 i 4500
001 in00004808821
008 040303s2003 gw a b 101 0 eng
005 20240807185034.6
010 |a  2004297171 
035 |a (OCoLC)ocm52458686  
040 |a UKM  |b eng  |e rda  |c DLC  |d UKM  |d BAKER  |d BTCTA  |d YDXCP  |d ZWZ  |d OCLCQ  |d OCLCF  |d OCLCO  |d OCLCQ  |d OCL  |d OCLCQ  |d PAU  |d OCLCQ  |d OCLCO  |d UKMGB  |d CNTRU  |d OCLCL 
015 |a GBA3W6171  |2 bnb 
016 7 |a 3527306706  |2 Uk 
016 7 |a 009727415  |2 Uk 
019 |a 54778609  |a 492861857 
020 |a 3527306706  |q (acid-free paper) 
020 |a 9783527306701  |q (acid-free paper) 
029 1 |a AU@  |b 000025075035 
029 1 |a AU@  |b 000025397315 
029 1 |a NZ1  |b 8351942 
029 1 |a ZWZ  |b 087378728 
029 1 |a UKMGB  |b 009727415 
035 |a (OCoLC)52458686  |z (OCoLC)54778609  |z (OCoLC)492861857 
042 |a lccopycat 
050 0 0 |a QD305.S54  |b E97 2003 
055 4 |a QD 412 .S6 O7733 2003 
082 0 0 |a 547/.08  |2 22 
082 0 4 |a 547.05683  |2 21 
084 |a JR 70  |2 blsrissc 
049 |a MAIN 
111 2 |a European Silicon Days  |n (1st :  |d 2001 :  |c Munich, Germany) 
245 1 0 |a Organosilicon chemistry V :  |b from molecules to materials /  |c edited by Norbert Auner and Johann Weis. 
264 1 |a Weinheim :  |b Wiley-VCH,  |c [2003] 
264 4 |c ©2003 
300 |a xvii, 838 pages :  |b illustrations ;  |c 25 cm 
336 |a text  |b txt  |2 rdacontent 
337 |a unmediated  |b n  |2 rdamedia 
338 |a volume  |b nc  |2 rdacarrier 
500 |a "This volume ... collects all scientific contributions that were presented at the 1st European Silicon Days, Munich, 2001"--Preface. 
504 |a Includes bibliographical references and indexes. 
540 |a Current Copyright Fee: GBP32.00  |c 0.  |5 Uk 
590 |b TAG Physical Holdings 2 
650 0 |a Organosilicon compounds  |v Congresses. 
650 6 |a Composés organosiliciés  |v Congrès. 
650 7 |a Organosilicon compounds.  |2 fast  |0 (OCoLC)fst01048015 
650 7 |a Silicium  |x Composés organiques.  |2 ram 
655 7 |a Conference papers and proceedings.  |2 fast  |0 (OCoLC)fst01423772 
700 1 |a Weis, Johann. 
700 1 |a Auner, Norbert. 
758 |i has work:  |a Organosilicon chemistry V (Text)  |1 https://id.oclc.org/worldcat/entity/E39PD3WWmVdppWMCbtbCFhjjYP  |4 https://id.oclc.org/worldcat/ontology/hasWork 
856 4 1 |3 Table of contents  |u http://catdir.loc.gov/catdir/toc/wiley051/2004297171.html  |t 0 
856 4 2 |3 Contributor biographical information  |u http://catdir.loc.gov/catdir/bios/wiley046/2004297171.html  |t 0 
856 4 2 |3 Publisher description  |u http://catdir.loc.gov/catdir/description/wiley041/2004297171.html  |t 0 
856 4 |u http://catdir.loc.gov/catdir/bios/wiley046/2004297171.html  |z Informations biographiques  |t 0 
856 4 |u http://catdir.loc.gov/catdir/description/wiley041/2004297171.html  |z Description de l'éditeur  |t 0 
938 |a Baker & Taylor  |b BKTY  |c 215.00  |d 215.00  |i 3527306706  |n 0004250704  |s active 
938 |a Baker and Taylor  |b BTCP  |n 2004297171 
938 |a YBP Library Services  |b YANK  |n 2008447 
994 |a 92  |b TAG 
852 |a TAG  |b TAGC  |c galv,stk  |h QD305.S54 E97 2003  |t c.1 
876 |c 194.25  |p 33620001081740  |x Acc# 2005-0613  |v unmediated -- volume 
999 f f |s 3f508a01-2be6-424c-b51b-b76a647dace2  |i 99a0b791-1a91-4e6d-be74-c89553c4e45d  |t 0 
952 f f |p normal  |a Texas A&M University  |b Galveston Campus  |c Jack K. Williams Library  |d Galveston Stacks  |t 0  |e QD305.S54 E97 2003  |h Library of Congress classification  |i unmediated -- volume  |m 33620001081740 
998 f f |a QD305.S54 E97 2003  |t 0  |l Galveston Stacks